Logo BPK

Biblioteka

Politechniki Koszalińskiej

Delphi 4 : (Rekord nr 34545)

Szczegóły MARC
000 -ETYKIETA REKORDU
podpole kontrolne o stałej długości 00808nam a2200265 i 4500
001 - NUMER KONTROLNY REKORDU
pole kontrolne bg
020 ## - MIĘDZYNARODOWY ZNORMALIZOWANY NUMER KSIĄŻKI - ISBN
ISBN 837197115X (t. 1)
020 ## - MIĘDZYNARODOWY ZNORMALIZOWANY NUMER KSIĄŻKI - ISBN
ISBN 8371971168 (t. 2)
020 ## - MIĘDZYNARODOWY ZNORMALIZOWANY NUMER KSIĄŻKI - ISBN
ISBN 8371970803 (całość)
040 ## - ŹRÓDŁO KATALOGOWANIA
Instytucja, która utworzyła rekord BPK
041 1# - KOD JĘZYKA
Kod języka tekstu pl
Kod języka oryginału en
080 ## - UNIWERSALNA KLASYFIKACJA DZIESIĘTNA - UKD
UKD 004.438(07)Delphi
920 ## - Międzynarodowy znormalizowany numer książki – ISBN
ISBN 83-7197-115-X (t. 1)
920 ## - Międzynarodowy znormalizowany numer książki – ISBN
ISBN 83-7197-116-8 (t. 2)
920 ## - Międzynarodowy znormalizowany numer książki – ISBN
ISBN 83-7197-080-3 (całość)
008 - POLE O STAŁEJ DŁUGOŚCI - DANE KONTROLNE
podpole kontrolne o stałej długości s pl f |000 0 pol
100 1# - NAZWA OSOBOWA
Nazwa osobowa TEIXEIRA, Steve
245 10 - TYTUŁ/ODPOWIEDZIALNOŚĆ
Tytuł Delphi 4 :
Ciąg dalszy tytułu vademecum profesjonalisty.T. /
Pozostałe elementy strefy tytułu i oznaczenia odpowiedzialności Steve Teixeira, Xavier Pacheco ; [tł., oprac. wersji pol. i weryfikacja Andrzej Grażyński]
Oznaczenie części/sekcji dzieła 1.
260 ## - STREFA ADRESU WYDAWNICZEGO
Miejsce wydania Gliwice :
Nazwa wydawcy/dystrybutora "Helion",
Data publikacji, dystrybucji/powstania dokumentu cop. 1999.
300 ## - STREFA OPISU FIZYCZNEGO
Objętość 895 s. ;
Rozmiary 24 cm +
Dokument towarzyszący CD ROM.
650 #9 - HASŁO PRZEDMIOTOWE W FORMIE NAZWY OGÓLNEJ LUB JEDNOSTKOWEJ
Nazwa ogólna lub geograficzna Delphi
655 ## - TERMIN INDEKSOWY - OKREŚLENIE RODZAJU/FORMY DOKUMENTU
Określenie rodzaju/formy dokumentu Podręczniki
700 1# - HASŁO DODATKOWE - NAZWA OSOBOWA
Nazwa osobowa PACHECO, Xavier
856 ## - LOKALIZACJA I DOSTĘP DO ELEKTRONICZNYCH DOKUMENTÓW ZDALNYCH
Link (URL) http://koha.tu.koszalin.pl/cgi-bin/koha/opac-detail.pl?biblionumber=34545
Tekst linku Katalog online BPK
942 ## - DODATKOWE ELEMENTY (KOHA)
Typ dokumentu Książka
Egzemplarze
Wycofany Status egzemplarza Uszkodzony Dostępność Lokalizacja stała Lokalizacja bieżąca Miejsce przechowywania Sygnatura Kod kreskowy Typ dokumentu
      Dostępny Biblioteka Politechniki Koszalińskiej Biblioteka Politechniki Koszalińskiej Wypożyczalnia BG 47876 01404166 Książka
© 2023 Biblioteka Politechniki Koszalińskiej :: KOHA